My Top 100 Songs of 2022 - Guess the Artist - Statistics

General Stats
  • This quiz has been taken 32 times
  • The average score is 40 of 100
Answer Stats
Song Title Artist % Correct
All Too Well | Anti-Hero | Bejeweled | +26 others Taylor Swift
90%
Stick Season Noah Kahan
63%
Butter BTS
60%
Music for a Sushi Restaurant Harry Styles
60%
Teenage Dirtbag Wheatus
50%
We Don't Talk About Bruno Encanto
47%
MMMBop Hanson
40%
Meet Me At Our Spot The Anxiety Willow & Tyler Cole
40%
Cloudbusting | Wuthering Heights Kate Bush
37%
Anxious | Bad Thing Twice | Beach House | +14 others Carly Rae Jepsen
33%
Some Nights fun
33%
THATS WHAT I WANT Lil Nas X
33%
Everyday | Oh Boy! | Peggy Sue Buddy Holly
23%
Beg for You Charli XCX
23%
Silk Chiffon MUNA
23%
Move Me Lewis OfMan & Carly Rae Jepsen
17%
Head Over Heels Tears for Fears
17%
Betty (Get Money) Yung Gravy
17%
Oh Klahoma Jack Stauber
13%
Love Sweet Love Little Mix
13%
I'm Trying (Not Friends) Maisie Peters
13%
Call Your Girlfriend Robyn
13%
Love You For a Long Time Maggie Rogers
10%
Follow You Down Gin Blossoms
7%
God is a Freak Peach PRC
7%
Fast Cars and Freedom Rascal Flatts
7%
In Dreams | Jeremiah | West Virginia Waltz Sierra Ferrell
7%
It Gets Dark Sigrid
7%
Story of My Life Social Distortion
7%
Inependent Webbie
7%
The Promise When in Rome
7%
Under Attack ABBA
3%
Better WIthout Me | Ordinary Amber Ais
3%
Ms California Beach Bunny
3%
Can't Behave Courtney Jaye
3%
W.I.T.C.H. Devon Cole
3%
Gaslight EmiSunshine
3%
Helpless Hamilton
3%
Pretend to Be Nice Josie and the Pussycats
3%
Juliet LMNT
3%
Brother Madds Buckley
3%
California | Dreamin You Up Melissa Villasenor
3%
Hell's Comin with me Poor Mans Poison
3%
When I Wanted You Selorm
3%
Tangled Up in Me Skye Sweetnam
3%
Abracadabra Sugar Ray
3%
Alive The Fratellis
3%
Plastic Jesus Tia Blake
3%
Way Down Now World Party
3%
No matching quizzes found
Score Distribution
Percent of People with Each Score
Percentile by Number Answered
Your Score History
You have not taken this quiz